Capitales du Monde sans voyelles (Aléatoire) - Statistiques

Statistiques générales
  • Ce quiz a été pris 173 fois
    39 depuis la dernière actualisation
  • Le résultat moyen est 15 sur 20
Statistiques - réponses
Indices Capitales % Correct
b Db Abou Dabi
100%
ccr Accra
100%
dds-bb Addis-Abeba
100%
mstrdm Amsterdam
100%
p Apia
100%
smr Asmara
100%
Bmk Bamako
100%
Bngkk Bangkok
100%
Bsstrr Basseterre
100%
Blgrd Belgrade
100%
Brln Berlin
100%
Brn Berne
100%
Bchkk Bichkek
100%
Bgt Bogota
100%
Brsl Brasilia
100%
Brtslv Bratislava
100%
Brzzvll Brazzaville
100%
Brdgtwn Bridgetown
100%
Brxlls Bruxelles
100%
Bcrst Bucarest
100%
Bdpst Budapest
100%
Cnbrr Canberra
100%
Cdd d l Pz Ciudad de la Paz
100%
Cpnhg Copenhague
100%
Dkr Dakar
100%
Djbt Djibouti
100%
Ddm Dodoma
100%
Dh Doha
100%
Dchnb Douchanbé
100%
Dbln Dublin
100%
Frtwn Freetown
100%
Gbrn Gaborone
100%
Grgtwn Georgetown
100%
Gtg Gitega
100%
Hrr Harare
100%
Hlsnk Helsinki
100%
slmbd Islamabad
100%
Jkrt Jakarta
100%
Jrslm Jérusalem
100%
Kbl Kaboul
100%
Ktmnd Katmandou
100%
Kv Kiev
100%
Kgl Kigali
100%
Kngstn Kingston
100%
Kngstwn Kingstown
100%
Knshs Kinshasa
100%
Kwt Koweït
100%
Kl Lmpr Kuala Lumpur
100%
L Hvn La Havane
100%
L Pz La Paz
100%
L Vltt La Valette
100%
Lbrvll Libreville
100%
Lsbnn Lisbonne
100%
Lndrs Londres
100%
Lnd Luanda
100%
Lxmbrg Luxembourg
100%
Mdrd Madrid
100%
Mnll Manille
100%
Mpt Maputo
100%
Mbbn Mbabane
100%
Mxc Mexico
100%
Mnsk Minsk
100%
Mnc Monaco
100%
Nrb Nairobi
100%
N'Djmn N'Djaména
100%
Nw Dlh New Delhi
100%
Nm Niamey
100%
Plkr Palikir
100%
Pnm Panama
100%
Prs Paris
100%
Pkn Pékin
100%
Prt--Prnc Port-au-Prince
100%
Prt-d'spgn Port-d'Espagne
100%
Prt-Ls Port-Louis
100%
Prt Mrsb Port Moresby
100%
Prt-Nv Porto-Novo
100%
Prg Prague
100%
Prstn Pristina
100%
Pngng Pyongyang
100%
Rbt Rabat
100%
Rkjvk Reykjavik
100%
Rm Rome
100%
Snt-Dmng Saint-Domingue
100%
Snt-Grgs Saint-Georges
100%
Snt Jhn's Saint John's
100%
Snt-Mrn Saint-Marin
100%
Sn Js San José
100%
Sn Slvdr San Salvador
100%
Srjv Sarajevo
100%
Sngpr Singapour
100%
Skpj Skopje
100%
Stckhlm Stockholm
100%
Tchknt Tachkent
100%
Tllnn Tallinn
100%
Trw-Sd Tarawa-Sud
100%
Thmph Thimphou
100%
Trn Tirana
100%
Trpl Tripoli
100%
Tns Tunis
100%
Vrsv Varsovie
100%
Vtcn Vatican
100%
Vnn Vienne
100%
Vntn Vientiane
100%
Wshngtn D.C. Washington D.C.
100%
Wllngtn Wellington
100%
Wndhk Windhoek
100%
Cstrs Castries
80%
Mnrv Monrovia
75%
Nkchtt Nouakchott
75%
Qt Quito
75%
ndrr-l-Vll Andorre-la-Vieille
67%
Bk Bakou
67%
Bns rs Buenos Aires
67%
Chșn Chișinău
67%
Dcc Dacca
67%
Llngw Lilongwe
67%
Ljbljn Ljubljana
67%
Mnm Manama
67%
sl Oslo
67%
ttw Ottawa
67%
Sr Jwrdnpr Ktt Sri Jayawardenapura Kotte
67%
Sv Suva
67%
Tblss Tbilissi
67%
Vdz Vaduz
67%
Rd Riyad
60%
chgbt Achgabat
50%
thns Athènes
50%
Bndr Sr Bgwn Bandar Seri Begawan
50%
Bnjl Banjul
50%
Crcs Caracas
50%
Cnkr Conakry
50%
Fnft Funafuti
50%
Hnr Honiara
50%
Khrtm Khartoum
50%
Ml Malé
50%
Mng Managua
50%
Msct Mascate
50%
Mgdsc Mogadiscio
50%
Nss Nassau
50%
Ngrlmd Ngerulmud
50%
Ncs Nicosie
50%
Nk'lf Nuku'alofa
50%
Prt-Vl Port-Vila
50%
Rg Riga
50%
Sntg Santiago
50%
Sl Séoul
50%
Tp Taipei
50%
Tgcglp Tegucigalpa
50%
Tk Tokyo
50%
Vlns Vilnius
50%
mmn Amman
33%
nkr Ankara
33%
ntnnrv Antananarivo
33%
Dms Damas
33%
Djb Djouba
33%
Rs Roseau
33%
Bss Bissau
20%
bj Abuja
0%
lgr Alger
0%
stn Astana
0%
sncn Asunción
0%
Bgdd Bagdad
0%
Bng Bangui
0%
Blmpn Belmopan
0%
Brth Beyrouth
0%
Dl Dili
0%
rvn Erevan
0%
Gtml Guatemala
0%
Hn Hanoï
0%
Kmpl Kampala
0%
L Cr Le Caire
0%
Lm Lima / Lomé
0%
Lsk Lusaka
0%
Mjr Majuro
0%
Msr Maseru
0%
Mntvd Montevideo
0%
Mrn Moroni
0%
Msc Moscou
0%
Npdw Naypyidaw
0%
gdg Ouagadougou
0%
ln-Btr Oulan-Bator
0%
Prmrb Paramaribo
0%
Phnm Pnh Phnom Penh
0%
Pdgrc Podgorica
0%
Pr Praia
0%
Prtr Pretoria
0%
Sn Sanaa
0%
S Tm São Tomé
0%
Sf Sofia
0%
Thrn Téhéran
0%
Vctr Victoria
0%
msskr Yamoussoukro
0%
nd Yaoundé
0%
rn Yaren
0%
Zgrb Zagreb
0%
Aucun quiz correspondant
Distribution des résultats
% des personnes avec chaque résultat
Percentile par nombre de réponses
Votre historique - résultats
Vous n’avez pas pris ce quiz depuis la dernière actualisation